Partenaires de l'Olympique Lyonnais - Statistiques

Statistiques générales
  • Ce quiz a été pris 45 fois
  • Le résultat moyen est 4 sur 13
Statistiques - réponses
Hint Réponse % Correct
12 Emirates
66%
1 Veolia
63%
13 Adidas
51%
2 Groupama
49%
3 MG
49%
7 Betclic
12%
9 Free
12%
4 Staffmatch
12%
6 trainline
12%
5 Aushopping
10%
10 Stanley
7%
8 ComAve
5%
11 OPNR
2%
Aucun quiz correspondant
Distribution des résultats
% des personnes avec chaque résultat
Percentile par nombre de réponses
Votre historique - résultats
Vous n’avez pas pris ce quiz